• 首页
  • 本馆介绍
  • 公告通知
  • 最新文献
  • 馆藏检索
  • 电子资源
  • 读者导购
  • 参考咨询
  • 我的图书馆
  • 登录
  • 详细信息显示
  • 放入我的书架
  • 预约/预借图书
  • 作者相关作品
  • 分类相关作品
  • 丛书相关作品
  • 出版社相关作品

书目信息

  • 表格格式
  • 工作单格式
  • 卡片格式
题名:
网店视觉直销
    
 
作者: 张枝军 编著
分册:  
出版信息: 北京   北京理工大学出版社  2015
页数: 317页
开本: 24cm
丛书名:
单 册:
中图分类: F713.361.2 , F713.36
科图分类:
主题词: 电子商务--dian zi shang wu--网站建设
电子资源:
ISBN: 978-7-5682-1422-3
000 00833nam0 2200253 450
001 1647864688
005 20161225131806.56
010    @a978-7-5682-1422-3@dCNY49.00
100    @a20151225d2015 em y0chiy50 ea
101 0  @achi
102    @aCN@b110000
105    @aa a 000yy
106    @ar
200 1  @a网店视觉直销@Awang dian shi jue zhi xiao@f张枝军编著
210    @a北京@c北京理工大学出版社@d2015
215    @a317页@c图@d24cm
320    @a有书目 (第315-317页)
330    @a本书以企业电子商务工作流程为基础, 以企业实际工作内容为题材进行编写。讲解了以营销为基本目标的网店商品图像信息制作与编辑的方法与技巧。
606 0  @a电子商务@Adian zi shang wu@x网站建设
690    @aF713.361.2@v5
690    @aF713.36@v5
701  0 @a张枝军@Azhang zhi jun@4编著
801  0 @aCN@b人天书店@c20151225
905    @aMUSE@dF713.36@e408
    
    网店视觉直销/张枝军编著.-北京:北京理工大学出版社,2015
    317页:图;24cm
    
    
    ISBN 978-7-5682-1422-3:CNY49.00
    本书以企业电子商务工作流程为基础, 以企业实际工作内容为题材进行编写。讲解了以营销为基本目标的网店商品图像信息制作与编辑的方法与技巧。
●
相关链接 在五车中查询图书 在当当中查询图书 在豆瓣中查询图书


正题名:网店视觉直销     索取号:F713.36/408         预约/预借

序号 登录号 条形码 馆藏地/架位号 状态 备注
1 817389   2000817389   第二书库/ [索取号:F713.36/408] 在馆    
2 817390   2000817390   第二书库/ [索取号:F713.36/408] 在馆    
3 817391   2000817391   第二书库/ [索取号:F713.36/408] 在馆    
山东省滨州职业学院图书馆 欢迎您!
大连网信软件有限公司© 版权所有